[Event "Mittelfrank Regionalliga Nord-West 2223"]
[Site "Mittelfranken"]
[Date "2023.01.15"]
[Round "5.4"]
[White "Paeslack, Luis"]
[Black "Haasner, Tom"]
[Result "1/2-1/2"]
[WhiteElo "1971"]
[BlackElo "1961"]
[PlyCount "25"]
[EventDate "2022.10.09"]
[EventType "team-tourn"]
[EventRounds "9"]
[EventCountry "GER"]
[SourceTitle "EXT 2024"]
[Source "ChessBase"]
[SourceDate "2023.10.10"]
[SourceVersion "1"]
[SourceVersionDate "2023.10.10"]
[SourceQuality "1"]
[WhiteTeam "Aschaffenburg"]
[BlackTeam "Rottendorf"]
[WhiteTeamCountry "GER"]
[BlackTeamCountry "GER"]

1. d4 d5 2. Nc3 Nf6 3. Bf4 c5 4. e3 cxd4 5. exd4 a6 6. Nf3 Nc6 7. h3 e6 8. Bd3 Bd6 9. Ne2 Nb4 10. 0-0 Qc7 11. Bxd6 Qxd6 12. Nc1 Nxd3 13. Nxd3 1/2-1/2

[Event "Mittelfrank Regionalliga Nord-West 2223"]
[Site "Mittelfranken"]
[Date "2022.12.11"]
[Round "4.5"]
[White "Paeslack, Luis"]
[Black "Kuespert, Helmut"]
[Result "1-0"]
[WhiteElo "1971"]
[BlackElo "1887"]
[PlyCount "85"]
[EventDate "2022.10.09"]
[EventType "team-tourn"]
[EventRounds "9"]
[EventCountry "GER"]
[SourceTitle "EXT 2024"]
[Source "ChessBase"]
[SourceDate "2023.10.10"]
[SourceVersion "1"]
[SourceVersionDate "2023.10.10"]
[SourceQuality "1"]
[WhiteTeam "Aschaffenburg"]
[BlackTeam "Marktleuthen"]
[WhiteTeamCountry "GER"]
[BlackTeamCountry "GER"]

1. d4 Nf6 2. Nc3 b6 3. e4 Bb7 4. f3 e6 5. Bf4 d6 6. Bb5+ c6 7. Bd3 Nbd7 8. Nge2 Qc7 9. 0-0 e5 10. Be3 Be7 11. Ng3 exd4 12. Bxd4 Ne5 13. Nf5 0-0 14. f4 Nxd3 15. Qxd3 Rfd8 16. Qg3 Nh5 17. Qg4 g6 18. Nh6+ Kf8 19. f5 Bc8 20. Qf3 f6 21. g4 Kg7 22. gxh5 Kxh6 23. hxg6 hxg6 24. fxg6 Rf8 25. Kh1 Kg7 26. Qg3 Qd7 27. Rf5 Qe8 28. Qh4 Rh8 29. Bxf6+ Bxf6 30. Qxf6+ Kg8 31. g7 Rxh2+ 32. Kxh2 Bxf5 33. Qxf5 Qe5+ 34. Qxe5 dxe5 35. Rd1 Kxg7 36. Rd6 c5 37. Nd5 Rh8+ 38. Kg3 Rh1 39. Rd7+ Kg6 40. Rxa7 Rc1 41. c3 Re1 42. Kf3 Rb1 43. Ra6 1-0

[Event "GER-ch Youth-A"]
[Site "Willingen"]
[Date "2022.06.05"]
[Round "1"]
[White "Paeslack, Luis"]
[Black "Wensing, Maximilian"]
[Result "0-1"]
[WhiteElo "1889"]
[BlackElo "2063"]
[PlyCount "68"]
[EventDate "2022.06.04"]
[EventType "swiss"]
[EventRounds "9"]
[EventCountry "GER"]
[SourceTitle "CBM 208 Extra"]
[Source "ChessBase"]
[SourceDate "2022.07.31"]
[SourceVersion "1"]
[SourceVersionDate "2022.07.31"]
[SourceQuality "1"]

1. d4 Nf6 2. c4 g6 3. Nc3 d5 4. Qb3 dxc4 5. Qxc4 a6 6. Nf3 b5 7. Qb3 Nc6 8. e3 Bg7 9. Bd3 0-0 10. 0-0 Be6 11. Qd1 Nb4 12. Bb1 c5 13. b3 Rc8 14. Bb2 cxd4 15. Nxd4 Bg4 16. Qe1 e5 17. Nf3 Bxf3 18. gxf3 Nd3 19. Bxd3 Qxd3 20. Rd1 Qf5 21. Qe2 b4 22. Nd5 Nxd5 23. Rxd5 Rc2 24. Rd2 Rxd2 25. Qxd2 Qxf3 26. Qxb4 Rc8 27. Qd6 Qg4+ 28. Kh1 Qe2 29. Rb1 Qxf2 30. Qxa6 Qf3+ 31. Kg1 Qxe3+ 32. Kf1 Rc2 33. Qa8+ Bf8 34. Ba3 Qf2# 0-1

[Event "GER-ch U25-A"]
[Site "Willingen"]
[Date "2019.06.14"]
[Round "8"]
[White "Paeslack, Luis"]
[Black "Reimer, Philip"]
[Result "1/2-1/2"]
[WhiteElo "2014"]
[BlackElo "1891"]
[PlyCount "41"]
[EventDate "2019.06.08"]
[EventType "swiss"]
[EventRounds "9"]
[EventCountry "GER"]
[SourceTitle "CBM 191 Extra"]
[Source "ChessBase"]
[SourceDate "2019.09.30"]
[SourceVersion "1"]
[SourceVersionDate "2019.09.30"]
[SourceQuality "1"]

1. d4 Nf6 2. c4 e6 3. Nf3 d5 4. Nc3 a6 5. cxd5 exd5 6. Bg5 Be6 7. e3 Nbd7 8. Bd3 c6 9. Qc2 Qc7 10. Rb1 Bd6 11. b4 0-0 12. 0-0 Rae8 13. Bh4 h6 14. Bg3 Bxg3 15. hxg3 Bg4 16. a4 Qd6 17. Nh4 Qe6 18. Bf5 Bxf5 19. Qxf5 Qd6 20. Qf4 Qe6 21. Nf5 1/2-1/2

[Event "GER-ch U25-A"]
[Site "Willingen"]
[Date "2019.06.12"]
[Round "6"]
[White "Paeslack, Luis"]
[Black "Pepi, Lucas"]
[Result "1-0"]
[WhiteElo "2014"]
[BlackElo "1918"]
[PlyCount "49"]
[EventDate "2019.06.08"]
[EventType "swiss"]
[EventRounds "9"]
[EventCountry "GER"]
[SourceTitle "CBM 191 Extra"]
[Source "ChessBase"]
[SourceDate "2019.09.30"]
[SourceVersion "1"]
[SourceVersionDate "2019.09.30"]
[SourceQuality "1"]

1. d4 Nf6 2. c4 e6 3. Nf3 d5 4. Nc3 Bb4 5. Bg5 0-0 6. e3 c6 7. Qc2 h6 8. Bh4 Nbd7 9. Bd3 Be7 10. 0-0 b6 11. cxd5 cxd5 12. h3 Ne8 13. Bxe7 Qxe7 14. e4 dxe4 15. Bxe4 Rb8 16. Rfe1 Nef6 17. Bc6 Bb7 18. Bxb7 Rxb7 19. d5 e5 20. Rad1 Ne8 21. Nb5 Nd6 22. Qc6 Nxb5 23. Qxb7 Nd6 24. Qxa7 f5 25. Nxe5 1-0

[Event "Forchheim op 17th"]
[Site "Forchheim"]
[Date "2018.09.23"]
[Round "4"]
[White "Paeslack, Luis"]
[Black "Gheng, Simona"]
[Result "0-1"]
[WhiteElo "1897"]
[BlackElo "2002"]
[PlyCount "80"]
[EventDate "2018.09.21"]
[EventType "swiss"]
[EventRounds "5"]
[EventCountry "GER"]
[SourceTitle "EXT 2019"]
[Source "ChessBase"]
[SourceDate "2018.10.10"]
[SourceVersion "1"]
[SourceVersionDate "2018.10.10"]
[SourceQuality "1"]

1. d4 d5 2. c4 e6 3. Nc3 Nf6 4. cxd5 exd5 5. Bg5 Be7 6. Nf3 h6 7. Bh4 0-0 8. h3 b6 9. Qc2 c5 10. e3 Bb7 11. Bd3 Nbd7 12. b3 Rc8 13. 0-0 cxd4 14. Nxd4 Ne4 15. Bxe4 dxe4 16. Bxe7 Qxe7 17. Qb2 Ne5 18. Nf5 Qf6 19. Nd4 Rfd8 20. Nce2 Nd3 21. Qa3 a5 22. Ng3 Rc5 23. Rad1 Qg6 24. Nde2 Rdc8 25. b4 axb4 26. Qa7 R5c7 27. Nf4 Nxf4 28. exf4 Ra8 29. f5 Qc6 30. Qxa8+ Bxa8 31. Rd8+ Kh7 32. f6 e3 33. f3 Rc8 34. Rd3 Qxf6 35. Ne4 Bxe4 36. fxe4 Qg5 37. Re1 Rc2 38. g4 Qf4 39. Rdxe3 Qf2+ 40. Kh1 Qg2# 0-1

[Event "Forchheim op 17th"]
[Site "Forchheim"]
[Date "2018.09.23"]
[Round "5"]
[White "Ulusoy, Tolga"]
[Black "Paeslack, Luis"]
[Result "0-1"]
[WhiteElo "2069"]
[BlackElo "1897"]
[PlyCount "124"]
[EventDate "2018.09.21"]
[EventType "swiss"]
[EventRounds "5"]
[EventCountry "GER"]
[SourceTitle "EXT 2019"]
[Source "ChessBase"]
[SourceDate "2018.10.10"]
[SourceVersion "1"]
[SourceVersionDate "2018.10.10"]
[SourceQuality "1"]

1. e4 c5 2. c3 g6 3. d4 cxd4 4. cxd4 d5 5. e5 Nc6 6. Nc3 Bg7 7. Bb5 a6 8. Bxc6+ bxc6 9. Qa4 Bd7 10. Qa3 Nh6 11. h3 0-0 12. Nf3 f6 13. exf6 exf6 14. 0-0 Qc7 15. Na4 Nf7 16. Nc5 Rfe8 17. Bd2 Bf8 18. Rfe1 Nd6 19. Bf4 Qa7 20. Rxe8 Nxe8 21. Rc1 Nd6 22. Re1 Nc4 23. Qc3 Kf7 24. b3 Nd6 25. g4 Nb5 26. Qd3 Nxd4 27. Na4 Nxf3+ 28. Qxf3 Be7 29. g5 f5 30. Qc3 Re8 31. Rxe7+ Rxe7 32. Qf6+ Ke8 33. Bd6 Be6 34. Nc5 Bg8 35. Bxe7 Qxe7 36. Qxc6+ Kf8 37. Nd7+ Kg7 38. Qc3+ Kf7 39. Ne5+ Kf8 40. Qc8+ Kg7 41. f4 Qa7+ 42. Kg2 Qe3 43. Qxa6 Qd2+ 44. Kg3 Qe1+ 45. Kg2 Qd2+ 46. Kf3 Qd1+ 47. Qe2 Qh1+ 48. Kf2 Qh2+ 49. Ke3 d4+ 50. Kd3 Qxf4 51. Nf3 Kf7 52. Nxd4 Qxg5 53. Qf3 f4 54. Qa8 Kg7 55. Qb7+ Kh6 56. a4 Bd5 57. Qd7 Qg3+ 58. Kc2 Qf2+ 59. Kc3 Qe3+ 60. Kb4 Qxd4+ 61. Ka3 Qc5+ 62. Kb2 Qd4+ 0-1

[Event "GER-ch U14"]
[Site "Willingen"]
[Date "2017.06.06"]
[Round "4"]
[White "Yankelevich, Michael"]
[Black "Paeslack, Luis"]
[Result "1-0"]
[WhiteElo "1944"]
[BlackElo "1791"]
[PlyCount "63"]
[EventDate "2017.06.04"]
[EventType "swiss"]
[EventRounds "9"]
[EventCountry "GER"]
[SourceTitle "CBM 178 Extra"]
[Source "ChessBase"]
[SourceDate "2017.06.22"]
[SourceVersion "1"]
[SourceVersionDate "2017.06.22"]
[SourceQuality "1"]

1. e4 c5 2. Nf3 d6 3. d4 cxd4 4. Nxd4 Nf6 5. f3 e5 6. Bb5+ Bd7 7. Bxd7+ Nbxd7 8. Nf5 d5 9. exd5 Nb6 10. 0-0 Nfxd5 11. Re1 Qf6 12. Qd4 0-0-0 13. Qg4 Rd7 14. Bg5 Qe6 15. Qe4 Bc5+ 16. Kh1 f6 17. Bd2 Rhd8 18. a4 g6 19. Ng3 Ne7 20. a5 Nc4 21. Bc3 a6 22. Qe2 f5 23. Nf1 Bd4 24. b3 Bxc3 25. Nxc3 Nd2 26. Ne3 Rc7 27. Na4 e4 28. f4 g5 29. Qf2 gxf4 30. Qxf4 Ng6 31. Qg5 f4 32. Nb6+ 1-0

[Event "GER-ch U14"]
[Site "Willingen"]
[Date "2017.06.04"]
[Round "2"]
[White "Nguyen, Alex Dac Vuong"]
[Black "Paeslack, Luis"]
[Result "0-1"]
[WhiteElo "1982"]
[BlackElo "1791"]
[PlyCount "98"]
[EventDate "2017.06.04"]
[EventType "swiss"]
[EventRounds "9"]
[EventCountry "GER"]
[SourceTitle "CBM 178 Extra"]
[Source "ChessBase"]
[SourceDate "2017.06.22"]
[SourceVersion "1"]
[SourceVersionDate "2017.06.22"]
[SourceQuality "1"]

1. e4 c5 2. Nf3 d6 3. d4 cxd4 4. Nxd4 Nf6 5. Nc3 g6 6. a3 Bg7 7. Bc4 0-0 8. 0-0 a6 9. Ba2 b5 10. Nde2 Bb7 11. Ng3 Nc6 12. h3 Rc8 13. Be3 Na5 14. Qd2 Nc4 15. Bxc4 Rxc4 16. f3 Qc7 17. Nge2 Rc8 18. Rac1 Nd7 19. Rf2 Nb6 20. Bd4 Rxd4 21. Nxd4 Nc4 22. Ndxb5 axb5 23. Nxb5 Nxd2 24. Nxc7 Rxc7 25. Rxd2 Bh6 26. Rcd1 Bxd2 27. Rxd2 Kf8 28. Kf2 Ke8 29. c3 Kd7 30. Rd4 Bc6 31. Ke3 Rb7 32. Rd2 Ba4 33. Kd3 Kc6 34. b4 Ra7 35. c4 Bb3 36. Kc3 Rxa3 37. b5+ Kb6 38. Kb4 Ra2 39. Rd4 Bc2 40. e5 Ra4+ 41. Kc3 dxe5 42. Rd7 Bf5 43. Rxe7 Be6 44. Kb3 Ra7 45. Re8 Kc5 46. b6 Kxb6 47. Kb4 Rb7 48. Ra8 Kc7+ 49. Kc5 Kd7 0-1

[Event "Hofheim Spring op-B 5th"]
[Site "Hofheim"]
[Date "2017.04.11"]
[Round "8"]
[White "Paeslack, Luis"]
[Black "Vega Lopez de Nava, Cesar Octavio"]
[Result "0-1"]
[WhiteElo "1830"]
[BlackElo "1907"]
[PlyCount "90"]
[EventDate "2017.04.07"]
[EventType "swiss"]
[EventRounds "9"]
[EventCountry "GER"]
[SourceTitle "CBM 178 Extra"]
[Source "ChessBase"]
[SourceDate "2017.06.22"]
[SourceVersion "1"]
[SourceVersionDate "2017.06.22"]
[SourceQuality "1"]

1. d4 d5 2. c4 c6 3. Nc3 Nf6 4. Nf3 e6 5. Bg5 dxc4 6. e4 b5 7. e5 h6 8. Bh4 g5 9. Nxg5 Nd5 10. Nxf7 Qxh4 11. Nxh8 Bb4 12. Qd2 c5 13. dxc5 Nc6 14. g3 Qh5 15. Bg2 Nxe5 16. 0-0 Bb7 17. Qe2 Qxe2 18. Nxe2 0-0-0 19. f4 Bxc5+ 20. Kh1 Ng4 21. Nf7 Rf8 22. Ne5 Nge3 23. Bf3 Nxf1 24. Rxf1 Ne3 25. Bxb7+ Kxb7 26. Rc1 Rd8 27. Nc3 Kb6 28. Ne4 Rd4 29. Nxc5 Kxc5 30. Re1 Rd1 31. Rg1 Rxg1+ 32. Kxg1 Nd1 33. g4 Nxb2 34. Kf2 Kd4 35. h4 Nd3+ 36. Nxd3 Kxd3 37. g5 hxg5 38. fxg5 c3 39. g6 c2 40. g7 c1Q 41. g8Q Qf4+ 42. Kg1 Qxh4 43. Qxe6 Qg3+ 44. Kh1 Qf3+ 45. Kh2 Qe2+ 0-1

[Event "Hofheim Spring op-B 5th"]
[Site "Hofheim"]
[Date "2017.04.07"]
[Round "1"]
[White "Robinson, Jack"]
[Black "Paeslack, Luis"]
[Result "1/2-1/2"]
[WhiteElo "1638"]
[BlackElo "1830"]
[PlyCount "146"]
[EventDate "2017.04.07"]
[EventType "swiss"]
[EventRounds "9"]
[EventCountry "GER"]
[SourceTitle "CBM 178 Extra"]
[Source "ChessBase"]
[SourceDate "2017.06.22"]
[SourceVersion "1"]
[SourceVersionDate "2017.06.22"]
[SourceQuality "1"]

1. d4 Nf6 2. c4 g6 3. Nc3 Bg7 4. e4 d6 5. f3 0-0 6. Be3 e5 7. Nge2 Nbd7 8. Qd2 Ne8 9. g4 exd4 10. Nxd4 Ne5 11. Be2 f5 12. Bg5 Bf6 13. Bxf6 Qxf6 14. g5 Qf7 15. b3 fxe4 16. Nxe4 c5 17. f4 cxd4 18. fxe5 dxe5 19. 0-0-0 Bf5 20. Rdf1 Qe7 21. Bd3 Kg7 22. h4 a5 23. h5 Nd6 24. h6+ Kh8 25. Nf6 Rxf6 26. gxf6 Qxf6 27. Bxf5 Nxf5 28. Rh2 Qe7 29. Rhf2 a4 30. b4 Rc8 31. c5 b6 32. Kb1 bxc5 33. Rc1 Rb8 34. a3 cxb4 35. Ka1 bxa3 36. Qa5 Nxh6 37. Rc7 Qe8 38. Qa7 Qg8 39. Rfc2 Rf8 40. Rc1 Ng4 41. Qxa4 Nf6 42. Qxa3 Ra8 43. Ra7 Rxa7 44. Qxa7 d3 45. Qa6 Qg7 46. Qxd3 e4 47. Qd8+ Ng8+ 48. Ka2 Qf7+ 49. Kb2 Qb7+ 50. Kc2 Qc6+ 51. Kd1 Qa4+ 52. Rc2 e3 53. Qd3 Qg4+ 54. Re2 Qa4+ 55. Rc2 Qa1+ 56. Ke2 Qe5 57. Qc3 Qxc3 58. Rxc3 Kg7 59. Kxe3 Nf6 60. Rc7+ Kh6 61. Ra7 Kh5 62. Kf4 Kh6 63. Ke5 Nh5 64. Ra1 Kg7 65. Ra7+ Kh6 66. Ra3 Kg7 67. Rf3 Kh6 68. Ke6 Kg5 69. Rf7 h6 70. Ke5 Ng3 71. Rf3 Kg4 72. Rf6 Kg5 73. Rf3 Kg4 1/2-1/2

[Event "Forchheim op-B 15th"]
[Site "Forchheim"]
[Date "2016.10.01"]
[Round "1"]
[White "Stoll, Stefan"]
[Black "Paeslack, Luis"]
[Result "1/2-1/2"]
[WhiteElo "2003"]
[BlackElo "1794"]
[PlyCount "68"]
[EventDate "2016.10.01"]
[EventType "swiss"]
[EventRounds "5"]
[EventCountry "GER"]
[SourceTitle "EXT 2019"]
[Source "ChessBase"]
[SourceDate "2018.10.10"]
[SourceVersion "1"]
[SourceVersionDate "2018.10.10"]
[SourceQuality "1"]

1. d4 Nf6 2. c4 c5 3. d5 g6 4. Nc3 d6 5. e4 Bg7 6. Bd3 0-0 7. Nge2 e6 8. 0-0 exd5 9. cxd5 Nbd7 10. Ng3 Ne5 11. Bc2 a6 12. a4 Rb8 13. h3 Ne8 14. f4 Qh4 15. Nce2 Nc4 16. Ra2 b5 17. axb5 axb5 18. Bd3 Bd7 19. Bxc4 bxc4 20. Qc2 Bb5 21. Bd2 Nf6 22. Rfa1 Nh5 23. Nxh5 Qxh5 24. Bc3 Bxc3 25. Nxc3 Qh4 26. Qf2 Qf6 27. Ra7 Rb6 28. R1a5 Rfb8 29. Ra8 Bd7 30. Rxb8+ Rxb8 31. Ra6 Qd4 32. Ra2 Rb3 33. Kf1 Qd3+ 34. Qe2 Kg7 1/2-1/2